Restaurants that Sell Coca-Cola (Coke) - Statistics

General Stats
  • This quiz has been taken 40 times
  • The average score is 9 of 18
Answer Stats
Hint Answer % Correct
Was once a BBQ place that sold hot dogs McDonalds
90%
"We have the meats!" Arby's
83%
The logo has pigtails Wendy's
83%
A big competitor to the answer of the first question Burger King
76%
Overtook Pizza Hut Domino's
72%
The owner is heavily devout Southern Baptist AKA Christian Chick-Fil-A
62%
Hardy but spelled differently Hardee's
59%
You go in and out In-N-Out Burger
55%
It's a shack! Shake Shack
55%
1,2,3,4,_ Five Guys
48%
It's name has the word "factory" in it Cheesecake Factory
45%
A Tex-Mex grill place with absolutely delectable food Chipotle
41%
Can be abbreviated to "JJ's" Jimmy John's
41%
Named after a popular toy Jack-in-the-Box
34%
Is going to switch to Pepsi products in January 2025 Subway
31%
Thank God It's __________ TGI Fridays
31%
Switched from Pepsi to Coke (sadly) in 2023 Culvers
14%
A word in its name could be replaced with "fast" Sonic
14%
No matching quizzes found
Score Distribution
Percent of People with Each Score
Percentile by Number Answered
Your Score History
You have not taken this quiz